000 00474 a2200169 4500
005 20250627141435.0
020 _a978-0-07-338124-4
082 _a658.4 THO
100 _aTHOMPSON, A. A.
245 _aCrafting & Executing Strategy: The Quest for Competitive Advantage
250 _a16th Ed.
260 _aBoston
_bMcGraw-Hill Irwin
_c2008.
300 _axlvi,439p.: ill.; figures
_bIndex
_c26cm
700 _aA.J. Strickland
700 _aJohn E. Gamble
942 _2ddc
_cBKS
999 _c5676
_d5676